Sur la définition des algèbres de Lukasiewicz trivalentes /
Guardado en:
| Autor Principal: | |
|---|---|
| Formato: | Libro |
| Idioma: | French |
| Publicado: |
Bahía Blanca :
Instituto de Matemática, Universidad Nacional del Sur,
1964.
|
| Series: | Notas de lógica matemática (Instituto de Matemática, Universidad Nacional del Sur) ;
21 |
| Acceso en línea: | Texto escaneado (PDF) |
| Etiquetas: |
Agregar Etiqueta
Sin Etiquetas, Sea el primero en etiquetar este registro!
|
| LEADER | 00835nam a22001815a 4500 | ||
|---|---|---|---|
| 001 | MAT.inmabb003195 | ||
| 008 | 051101s1964####ag#######b####000#0#fre#d | ||
| 005 | 20170822152443.0 | ||
| 245 | 1 | 0 | |a Sur la définition des algèbres de Lukasiewicz trivalentes / |c par Antonio Monteiro. |
| 260 | |a Bahía Blanca : |b Instituto de Matemática, Universidad Nacional del Sur, |c 1964. | ||
| 300 | |a 20 h. ; |c 27 cm. | ||
| 490 | 1 | |a Notas de lógica matemática ; |v no. 21 | |
| 504 | |a Bibliografía: h. 19-20. | ||
| 100 | 1 | |a Monteiro, Antonio A. R. |q (Antonio Aniceto Ribeiro), |d 1907-1980. | |
| 830 | 0 | |a Notas de lógica matemática (Instituto de Matemática, Universidad Nacional del Sur) ; |v 21 | |
| 084 | |a 03G20 |a 02.25 |2 msc2000 | ||
| 856 | 4 | 1 | |u http://inmabb-conicet.gob.ar/publicaciones/nlm/Nlm-21.pdf |y Texto escaneado (PDF) |
| 859 | |h 03 |i M775 |p A-2448 |b BIB. MATEMATICA | ||
